000 02092cam a22002413a 4500
001 17953
003 PGUSA
005 20140828083401.0
008 060309s2006||||xxu|||||s|||||000 | eng d
040 _aPGUSA
_beng
042 _adc
050 4 _aPN
245 1 4 _aThe Haunters and The Haunted :
_bGhost Stories And Tales Of The Supernatural
_h[electronic resource]
260 _bProject Gutenberg,
_c2006
505 0 _aThe fall of the house of Usher -- The old nurse's story -- The superstitious Man's story -- A story of Ravenna -- Teig O'Kane and the corpse -- The haunted and the haunters: or the house and the brain -- The Botathen ghost -- The ghost of Lord Clarenceux -- Dr Duthoit's vision -- The seven lights -- The spectral coach of Blackadon -- Drake's drum -- The spectre bridegroom -- The pool in the graveyard -- The Lianhan Shee -- The haunted cove -- Wandering Willie's tale -- Glamis castle -- Powys castle -- Croglin grange -- The ghost of Major Sydenham -- The miraculous case of Jesch Claes -- The radiant boy of Corby castle -- Clerk Saunders -- Dorothy Durant -- Pearlin Jean -- The Denton Hall ghost -- The Goodwood ghost story -- Captain Wheatcroft -- The iron cage -- The ghost of Rosewarne -- The iron chest of Durley -- The strange case of M. Bezuel -- The Marquis de Rambouillet -- The Altheim revenant -- Sertorius and his hind -- Erochtho -- Patroklos -- Vision of Cromwell -- Lord Strafford's warning -- Kotter's red circle -- The vision of Charles XI. of Sweden -- Ben Jonson's prevision -- Queen Ulrica -- Denis Misanger -- The pied piper -- Jeanne d'Arc -- Anne Walker -- The hand of glory -- The bloody footstep -- The ghostly warriors of Worms -- The wandering Jew in England -- Bendith Eu Mammau -- The red book of Appin -- The good O'Donoghue -- Sarah Polgrain -- Eleanor Cobham, Duchess of Gloucester.
506 _aPublic domain in the USA.
516 _aElectronic text
653 _aGhost stories
700 1 _aRhys, Ernest,
_d1859-1946
830 0 _aProject Gutenberg
_v17953
856 4 0 _uhttp://www.gutenberg.org/ebooks/17953
942 _cEB
999 _c247208
_d247208